|
|
|
|
| LEADER |
00764nam a2200289 4500 |
| 001 |
DLU060056734 |
| 005 |
##20030106123234.0 |
| 008 |
##941021s1995 si b 000 0 eng |
| 010 |
# |
# |
|a 94023834
|
| 035 |
# |
# |
|9 (DLC) 94023834
|
| 040 |
# |
# |
|a DLC
|c DLC
|d DLC
|
| 082 |
# |
# |
|a 621.381 046
|b Mul
|
| 245 |
# |
# |
|a Multichip modules /
|c Ernest S. Kuh edited
|
| 260 |
# |
# |
|a Singapore :
|b World Scientific,
|c c1992.
|
| 300 |
# |
# |
|a vii, 145 p. ;
|c 26 cm.
|
| 504 |
# |
# |
|a Includes bibliographical references.
|
| 700 |
# |
# |
|a Kuh, Ernest S.
|e edited
|
| 923 |
# |
# |
|a 26/2006
|
| 992 |
# |
# |
|a 6100
|
| 994 |
# |
# |
|a DLU
|
| 900 |
# |
# |
|a True
|
| 911 |
# |
# |
|a Thái Thị Thanh Thủy
|
| 925 |
# |
# |
|a G
|
| 926 |
# |
# |
|a A
|
| 927 |
# |
# |
|a SH
|
| 980 |
# |
# |
|a Thư viện Trường Đại học Đà Lạt
|